[Event "Manhem Chessweek IM 2009"]
[Site "?"]
[Date "2009.08.05"]
[Round "5"]
[White "Carlhammar, Magnus"]
[Black "Wengholm, Anders"]
[Result "1/2-1/2"]
[WhiteElo "2352"]
[BlackElo "2175"]
[PlyCount "70"]
[EventDate "2009.08.04"]

1. Nf3 d5 2. g3 Nf6 3. Bg2 Bg4 4. O-O e6 5. c4 c6 6. cxd5 exd5 7. d3 Be7 8. h3
Be6 9. Ng5 Bc8 10. Nc3 O-O 11. e4 Nxe4 12. dxe4 Bxg5 13. exd5 cxd5 14. Qxd5
Bxc1 15. Raxc1 Nc6 16. Rfd1 Qb6 17. Qd2 Be6 18. Nd5 Bxd5 19. Bxd5 Rad8 20. Qe2
Nd4 21. Qc4 Rxd5 22. Qxd5 Ne2+ 23. Kg2 Nxc1 24. Rxc1 h6 25. Qe5 Qe6 26. Qxe6
fxe6 27. Rc7 Rf7 28. Rxf7 Kxf7 29. Kf3 e5 30. Ke4 Ke6 31. h4 g6 32. g4 Kd6 33.
h5 gxh5 34. gxh5 Ke6 35. f3 Kf6 1/2-1/2

[Event "Manhem Chessweek IM 2009"]
[Site "?"]
[Date "2009.08.06"]
[Round "6"]
[White "Frisk Kockum, Anton"]
[Black "Nithander, Victor"]
[Result "0-1"]
[WhiteElo "2255"]
[BlackElo "2422"]
[PlyCount "64"]
[EventDate "2009.08.01"]

1. d4 Nf6 2. Nf3 g6 3. c4 Bg7 4. Nc3 O-O 5. e4 d6 6. Be2 e5 7. O-O Na6 8. Be3
Ng4 9. Bg5 Qe8 10. c5 h6 11. Bh4 exd4 12. Nd5 g5 13. Bxa6 gxh4 14. Nxc7 Qc6 15.
Nxa8 bxa6 16. cxd6 Qxa8 17. Re1 h3 18. Rc1 hxg2 19. Nxd4 Ne5 20. Qb3 Ng6 21.
Rcd1 Bd7 22. Nf5 Re8 23. Nxg7 Kxg7 24. Qc3+ Kg8 25. f3 Qd8 26. Qc7 Nf4 27. Qxd8
Rxd8 28. Kf2 Bb5 29. Ke3 Rxd6 30. Rxd6 Bf1 31. Kxf4 g1=Q 32. Rdd1 Qg5# 0-1

[Event "Manhem Chessweek IM 2009"]
[Site "?"]
[Date "2009.08.06"]
[Round "6"]
[White "Lund, Silas"]
[Black "Wengholm, Anders"]
[Result "1-0"]
[WhiteElo "2412"]
[BlackElo "2175"]
[PlyCount "71"]
[EventDate "2009.08.01"]

1. d4 d5 2. c4 e6 3. Nc3 c6 4. Nf3 dxc4 5. a4 Bb4 6. e3 b5 7. Bd2 Bb7 8. axb5
Bxc3 9. Bxc3 cxb5 10. b3 a5 11. bxc4 b4 12. Bb2 Nf6 13. Bd3 Nbd7 14. O-O O-O
15. Nd2 e5 16. Qc2 Qc7 17. f3 h6 18. Rfc1 Bc6 19. Bf5 Rfe8 20. Bxd7 Nxd7 21.
Kh1 exd4 22. exd4 Re2 23. Qd3 Rae8 24. d5 Bb7 25. Bd4 Nc5 26. Bxc5 Qxc5 27. Ne4
Qe3 28. Qxe3 Rxe3 29. Kg1 Ra3 30. Nd6 Rb8 31. Rxa3 bxa3 32. Ra1 Ba6 33. Rxa3
Rb4 34. c5 Bc4 35. Nxc4 Rxc4 36. Rxa5 1-0

[Event "Manhem Chessweek IM 2009"]
[Site "?"]
[Date "2009.08.06"]
[Round "6"]
[White "Figura, Atila Gajo"]
[Black "Vang Glud, Jakob"]
[Result "1/2-1/2"]
[WhiteElo "2436"]
[BlackElo "2462"]
[PlyCount "38"]
[EventDate "2009.08.01"]

1. d4 d5 2. c4 c6 3. Nc3 Nf6 4. Nf3 a6 5. Qb3 e6 6. g3 dxc4 7. Qxc4 b5 8. Qd3
Bb7 9. Bg2 c5 10. O-O Nbd7 11. Bg5 Be7 12. dxc5 Nxc5 13. Qxd8+ Rxd8 14. Ne5
Bxg2 15. Kxg2 b4 16. Nd1 Rd5 17. Bxf6 Bxf6 18. Nc4 Na4 19. Rc1 Ke7 1/2-1/2

[Event "Manhem Chessweek IM 2009"]
[Site "?"]
[Date "2009.08.06"]
[Round "6"]
[White "Moberg, Karl Johan"]
[Black "Carlhammar, Magnus"]
[Result "1/2-1/2"]
[WhiteElo "2277"]
[BlackElo "2352"]
[PlyCount "207"]
[EventDate "2009.08.01"]

1. d4 Nf6 2. c4 d6 3. Nc3 Nbd7 4. e4 e5 5. d5 Be7 6. Nf3 O-O 7. Be3 Ng4 8. Bd2
c6 9. h3 Ngf6 10. Be3 a6 11. Nd2 cxd5 12. cxd5 b5 13. b4 Nb6 14. Nb3 Bd7 15.
Bd3 Qb8 16. Na5 Rc8 17. Rc1 h6 18. O-O Nh7 19. Qd2 Nc4 20. Bxc4 bxc4 21. Rb1
Bg5 22. Rfc1 Qa7 23. Bxg5 Nxg5 24. Re1 Bxh3 25. Nc6 Qd7 26. Re3 Bg4 27. f3 Bh5
28. a4 Rc7 29. b5 axb5 30. axb5 f5 31. exf5 Qxf5 32. Rf1 Rb7 33. Qf2 Qf4 34.
Ne2 Qf7 35. Nc3 Bg6 36. f4 exf4 37. Qxf4 Qxf4 38. Rxf4 Bd3 39. Re7 Rxe7 40.
Nxe7+ Kh7 41. b6 Ra3 42. b7 Rb3 43. Nc8 Rxb7 44. Nxd6 Rd7 45. Ndb5 Kg6 46. Kf2
Rf7 47. Ke3 Rxf4 48. Kxf4 Bf1 49. g3 Kf6 50. Nd6 Bd3 51. Ne8+ Kf7 52. Nd6+ Ke7
53. Nf5+ Kf6 54. Nd6 g6 55. Ncb5 Nh3+ 56. Ke3 Ke5 57. Nf7+ Kxd5 58. Nxh6 Kc5
59. Nc3 Kb4 60. Kd4 Ng1 61. Nd5+ Kb3 62. Ng4 Ne2+ 63. Ke5 Nxg3 64. Kf4 Nf1 65.
Ne5 Bf5 66. Nxc4 Kxc4 67. Ne7 Bb1 68. Kg5 Kd4 69. Nxg6 Ke4 70. Nf4 Ne3 71. Ne6
Nd5 72. Nc5+ Kd4 73. Ne6+ Ke5 74. Nc5 Bf5 75. Nb3 Bd3 76. Nd2 Be2 77. Nb3 Nb6
78. Nc5 Kd5 79. Nb3 Nc4 80. Kf4 Bd1 81. Nc1 Kd4 82. Na2 Na5 83. Nb4 Bb3 84. Na6
Be6 85. Nb4 Bb3 86. Na6 Nc6 87. Nc7 Bf7 88. Nb5+ Kc5 89. Nc3 Nb4 90. Ke5 Nc6+
91. Kf4 Nb4 92. Ne4+ Kd4 93. Ng5 Bb3 94. Nf3+ Kd5 95. Ke3 Bd1 96. Kf4 Nc2 97.
Ng5 Nb4 98. Nf3 Kc4 99. Ke3 Nd5+ 100. Ke4 Bc2+ 101. Ke5 Nb4 102. Kf4 Nd5+ 103.
Ke5 Bb1 104. Nd2+ 1/2-1/2

[Event "Manhem Chessweek IM 2009"]
[Site "?"]
[Date "2009.08.06"]
[Round "6"]
[White "Svensson, Bengt"]
[Black "Holvason, Juri"]
[Result "1-0"]
[WhiteElo "2389"]
[BlackElo "2118"]
[PlyCount "57"]
[EventDate "2009.08.01"]

1. e4 c5 2. Nf3 Nc6 3. d4 cxd4 4. Nxd4 Nf6 5. Nc3 e5 6. Ndb5 d6 7. Bg5 a6 8.
Na3 b5 9. Bxf6 gxf6 10. Nd5 Bg7 11. c3 f5 12. Bd3 Be6 13. Qh5 Rb8 14. Nc2 Bxd5
15. exd5 Ne7 16. Bxf5 Kf8 17. Ne3 b4 18. O-O Rg8 19. Kh1 Ng6 20. g3 Bf6 21. Bd3
Bg5 22. Nf5 bxc3 23. bxc3 Rc8 24. Rab1 Bf6 25. c4 e4 26. Bxe4 Rxc4 27. Rfe1 Ne5
28. Qh6+ Rg7 29. Qxf6 1-0

[Event "Manhem Chessweek IM 2009"]
[Site "?"]
[Date "2009.08.07"]
[Round "7"]
[White "Carlhammar, Magnus"]
[Black "Svensson, Bengt"]
[Result "1/2-1/2"]
[WhiteElo "2352"]
[BlackElo "2389"]
[PlyCount "68"]
[EventDate "2009.08.01"]

1. d4 d5 2. c4 c6 3. Nf3 Nf6 4. e3 Bf5 5. Nc3 e6 6. Nh4 Be4 7. f3 Bg6 8. Qb3
Qc7 9. Bd2 Nbd7 10. cxd5 exd5 11. Rc1 Nb6 12. Be2 Be7 13. g3 O-O 14. Nxg6 hxg6
15. O-O Qd7 16. a4 Nc8 17. a5 Nd6 18. Na4 Rab8 19. Nc5 Qc7 20. g4 Nd7 21. Na4
b5 22. axb6 Nxb6 23. Nxb6 Rxb6 24. Ba5 Rxb3 25. Bxc7 Rxe3 26. Rxc6 Rxe2 27.
Bxd6 Bxd6 28. Rxd6 Rb8 29. Rf2 Rxf2 30. Kxf2 Rxb2+ 31. Kg3 Rd2 32. Rd8+ Kh7 33.
Rxd5 g5 34. Ra5 Rxd4 1/2-1/2

[Event "Manhem Chessweek IM 2009"]
[Site "?"]
[Date "2009.08.07"]
[Round "7"]
[White "Nithander, Victor"]
[Black "Figura, Atila Gajo"]
[Result "1-0"]
[WhiteElo "2422"]
[BlackElo "2436"]
[PlyCount "95"]
[EventDate "2009.08.01"]

1. e4 c5 2. Nf3 d6 3. d4 cxd4 4. Nxd4 Nf6 5. Nc3 Bd7 6. Be2 Bc6 7. Nxc6 Nxc6 8.
O-O e6 9. Be3 Be7 10. Qd2 O-O 11. Rad1 a6 12. f4 Qc7 13. Bf3 Rac8 14. Qf2 Nd7
15. Ne2 Bf6 16. c3 b5 17. g4 g6 18. g5 Bg7 19. Nd4 Rfe8 20. Bg2 Nxd4 21. cxd4
Nb6 22. f5 exf5 23. exf5 d5 24. f6 Bf8 25. Bf4 Bd6 26. Bxd6 Qxd6 27. b3 Nd7 28.
Rfe1 h6 29. h4 h5 30. Rxe8+ Rxe8 31. Re1 Kf8 32. Rxe8+ Kxe8 33. Qf3 Nb6 34. Qc3
Qe6 35. Bf3 Kd7 36. Kg2 Na8 37. a4 bxa4 38. bxa4 Nb6 39. Qc5 Nc4 40. Qa7+ Kd8
41. Qb8+ Kd7 42. Qb7+ Kd8 43. a5 Ne3+ 44. Kf2 Ng4+ 45. Bxg4 hxg4 46. Qb6+ Kd7
47. Qxe6+ Kxe6 48. Kg2 1-0

[Event "Manhem Chessweek IM 2009"]
[Site "?"]
[Date "2009.08.07"]
[Round "7"]
[White "Vang Glud, Jakob"]
[Black "Lund, Silas"]
[Result "1-0"]
[WhiteElo "2462"]
[BlackElo "2412"]
[PlyCount "93"]
[EventDate "2009.08.01"]

1. Nf3 d6 2. d4 f5 3. g3 Nf6 4. Bg2 g6 5. O-O Bg7 6. c4 O-O 7. Nc3 Qe8 8. d5
Na6 9. Rb1 Nc5 10. Be3 Bd7 11. Bd4 e5 12. Nxe5 dxe5 13. Bxc5 Rf7 14. Qb3 b6 15.
Ba3 e4 16. c5 f4 17. gxf4 e3 18. Nd1 exf2+ 19. Nxf2 bxc5 20. Rfe1 Rb8 21. Qc4
Nh5 22. e3 Bf5 23. Rbd1 Bxb2 24. Bxc5 Qb5 25. Bf1 Qa5 26. Nd3 Bc3 27. Rb1 Re8
28. Rb5 Re4 29. Bd4 Bxd4 30. Rxa5 Bxe3+ 31. Rxe3 Rxc4 32. Ne5 Rc1 33. Nxf7 Kxf7
34. Rxa7 Nxf4 35. d6 Nd5 36. dxc7 Kf6 37. Rf3 Nxc7 38. Kf2 Ne6 39. Ra6 Rc2+ 40.
Kg3 Ke7 41. Bd3 Rc5 42. Bxf5 gxf5 43. Rb3 Rc7 44. Kh4 Nc5 45. Rh6 Kf8 46. Rc3
Kg7 47. Rb6 1-0

[Event "Manhem Chessweek IM 2009"]
[Site "?"]
[Date "2009.08.07"]
[Round "7"]
[White "Holvason, Juri"]
[Black "Frisk Kockum, Anton"]
[Result "1-0"]
[WhiteElo "2118"]
[BlackElo "2255"]
[PlyCount "133"]
[EventDate "2009.08.01"]

1. e4 e6 2. d4 d5 3. Nd2 Nc6 4. Ngf3 Nf6 5. e5 Nd7 6. b3 f6 7. Bb2 fxe5 8. dxe5
Bc5 9. Bb5 O-O 10. Bxc6 bxc6 11. O-O Qe8 12. c4 Qg6 13. Rc1 Ba6 14. a3 Bb6 15.
Rc3 Rf4 16. Qc2 Qg4 17. h3 Qh5 18. c5 Nxc5 19. Rxc5 Bxc5 20. Qxc5 Bxf1 21. Kxf1
Raf8 22. Qxc6 Qf5 23. Kg1 Qg6 24. Kh2 Qh6 25. Qxc7 g5 26. Kg1 g4 27. hxg4 Rxg4
28. Qxa7 Qg6 29. Ne1 h5 30. Qe3 h4 31. a4 Rf7 32. a5 d4 33. Qh3 Qf5 34. Ndf3
Rfg7 35. Bxd4 Rxg2+ 36. Qxg2 Rxg2+ 37. Kxg2 Qg4+ 38. Kh2 Qf4+ 39. Kh3 Qf5+ 40.
Kxh4 Qh7+ 41. Kg3 Qb7 42. b4 Kf7 43. Nd3 Kg6 44. Bc3 Qc8 45. Nc5 Kf5 46. Nh4+
Kg5 47. Bd2+ Kh5 48. Ne4 Qg8+ 49. Bg5 Qf7 50. Ng2 Kg6 51. Nf4+ Kh7 52. Bf6 Qg8+
53. Ng5+ Kh6 54. Kg4 Qb8 55. Be7 Qe8 56. Bd6 Qg8 57. Nfxe6 Qc8 58. a6 Qc4+ 59.
Nf4 Qc8+ 60. e6 Qg8 61. Nfh3 Qa8 62. Nf4 Qg8 63. Be7 Qg7 64. a7 Qxe7 65. Nf7+
Kg7 66. a8=Q Qxb4 67. Qh8# 1-0

[Event "Manhem Chessweek IM 2009"]
[Site "?"]
[Date "2009.08.08"]
[Round "8"]
[White "Figura, Atila Gajo"]
[Black "Holvason, Juri"]
[Result "1-0"]
[WhiteElo "2436"]
[BlackElo "2118"]
[PlyCount "57"]
[EventDate "2009.08.01"]

1. d4 Nf6 2. c4 g6 3. Nc3 Bg7 4. e4 d6 5. Nf3 O-O 6. Be2 e5 7. O-O Nc6 8. d5
Ne7 9. Kh1 Nd7 10. g4 f5 11. gxf5 gxf5 12. exf5 Nxf5 13. Rg1 Kh8 14. Ng5 Nf6
15. Bd3 h6 16. Nf3 Qe8 17. Ne4 Qh5 18. Bd2 Nh4 19. Nxh4 Qxh4 20. f3 Nh5 21. Qe2
Bh3 22. c5 Nf4 23. Bxf4 exf4 24. Bc2 Bd4 25. Qd3 Bxb2 26. Rab1 Rg8 27. Nf6 Rg7
28. Rxg7 Kxg7 29. Qg6+ 1-0

[Event "Manhem Chessweek IM 2009"]
[Site "?"]
[Date "2009.08.08"]
[Round "8"]
[White "Frisk Kockum, Anton"]
[Black "Carlhammar, Magnus"]
[Result "1-0"]
[WhiteElo "2255"]
[BlackElo "2352"]
[PlyCount "73"]
[EventDate "2009.08.01"]

1. d4 Nf6 2. Nf3 g6 3. c4 Bg7 4. Nc3 d5 5. Bg5 Ne4 6. cxd5 Nxg5 7. Nxg5 e6 8.
Nf3 exd5 9. e3 a5 10. Bd3 O-O 11. O-O Re8 12. Qc2 c6 13. Rae1 Bg4 14. Nd2 Nd7
15. h3 Be6 16. f4 f5 17. Nf3 Nf6 18. Ne5 Ne4 19. Bxe4 dxe4 20. Na4 Bd5 21. Rf2
g5 22. g3 gxf4 23. gxf4 Qh4 24. Kh2 Kh8 25. Rg1 Rg8 26. Rfg2 Bxe5 27. dxe5
Rxg2+ 28. Rxg2 Rg8 29. Rxg8+ Bxg8 30. Qd2 Bxa2 31. Nb6 Bd5 32. Nd7 Qh5 33. Nf6
Qf3 34. e6 Bxe6 35. Qd8+ Kg7 36. Ne8+ Kf8 37. Nd6+ 1-0

[Event "Manhem Chessweek IM 2009"]
[Site "?"]
[Date "2009.08.08"]
[Round "8"]
[White "Lund, Silas"]
[Black "Moberg, Karl Johan"]
[Result "1/2-1/2"]
[WhiteElo "2412"]
[BlackElo "2277"]
[PlyCount "45"]
[EventDate "2009.08.01"]

1. d4 Nf6 2. c4 g6 3. Nc3 d5 4. Nf3 Bg7 5. Bg5 Ne4 6. Bh4 Nxc3 7. bxc3 dxc4 8.
Qa4+ Qd7 9. Qxc4 b6 10. e3 Ba6 11. Qb3 Bxf1 12. Kxf1 O-O 13. Ke2 c5 14. dxc5
Na6 15. Rhd1 Qc7 16. cxb6 axb6 17. a4 Rfc8 18. Bg3 Qxc3 19. Qxc3 Bxc3 20. Rab1
Nc5 21. Rxb6 Nxa4 22. Rb7 Bf6 23. Kf1 1/2-1/2

[Event "Manhem Chessweek IM 2009"]
[Site "?"]
[Date "2009.08.08"]
[Round "8"]
[White "Svensson, Bengt"]
[Black "Wengholm, Anders"]
[Result "1-0"]
[WhiteElo "2389"]
[BlackElo "2175"]
[PlyCount "37"]
[EventDate "2009.08.01"]

1. c4 c5 2. Nf3 Nf6 3. Nc3 b6 4. e3 g6 5. Be2 Bg7 6. O-O O-O 7. d4 e6 8. b3
cxd4 9. Nxd4 Bb7 10. Ba3 Re8 11. Ndb5 d5 12. Nd6 Re7 13. Rc1 Rd7 14. Nxb7 Rxb7
15. cxd5 exd5 16. e4 Nbd7 17. exd5 Nc5 18. Bb5 Rc8 19. b4 1-0

[Event "Manhem Chessweek IM 2009"]
[Site "?"]
[Date "2009.08.09"]
[Round "9"]
[White "Moberg, Karl Johan"]
[Black "Svensson, Bengt"]
[Result "1/2-1/2"]
[WhiteElo "2277"]
[BlackElo "2389"]
[PlyCount "50"]
[EventDate "2009.08.01"]

1. d4 d5 2. c4 dxc4 3. Nf3 Nf6 4. e3 Bg4 5. Bxc4 e6 6. h3 Bh5 7. Nc3 Nbd7 8.
O-O Bd6 9. e4 e5 10. g4 Bg6 11. dxe5 Nxe5 12. Nxe5 Bxe5 13. f4 Qd4+ 14. Qxd4
Bxd4+ 15. Kh2 Bxc3 16. bxc3 Bxe4 17. g5 Bd5 18. Re1+ Kf8 19. gxf6 Bxc4 20. Ba3+
Kg8 21. Re7 h5 22. Rxc7 b5 23. Bc5 Rh6 24. Bd4 Rg6 25. Rg1 Rxg1 1/2-1/2

[Event "Manhem Chessweek IM 2009"]
[Site "?"]
[Date "2009.08.09"]
[Round "9"]
[White "Wengholm, Anders"]
[Black "Frisk Kockum, Anton"]
[Result "1/2-1/2"]
[WhiteElo "2175"]
[BlackElo "2255"]
[PlyCount "85"]
[EventDate "2009.08.01"]

1. Nf3 f5 2. c4 Nf6 3. g3 e6 4. Bg2 d5 5. O-O Bd6 6. Nc3 O-O 7. d3 Nc6 8. cxd5
exd5 9. Nb5 Bc5 10. Bf4 Bb6 11. Rc1 Qe7 12. Nc3 Rd8 13. Bg5 h6 14. Bxf6 Qxf6
15. d4 Be6 16. e3 Bf7 17. Ne2 g5 18. a3 Bh5 19. Qd2 Na5 20. Qc3 Nc4 21. Rc2
Bxf3 22. Bxf3 c6 23. Nc1 Kh8 24. Nd3 Re8 25. Kh1 Re7 26. a4 a5 27. b3 Nd6 28.
Ne5 g4 29. Bg2 Ne4 30. Qb2 Bc7 31. f3 gxf3 32. Nxf3 Bxg3 33. hxg3 Nxg3+ 34. Kg1
Nxf1 35. Kxf1 Rxe3 36. Rf2 Rg8 37. b4 f4 38. bxa5 Qf5 39. Ne5 Rg7 40. a6 bxa6
41. Bf3 Qh3+ 42. Bg2 Qh5 43. Bf3 1/2-1/2

[Event "Manhem Chessweek IM 2009"]
[Site "?"]
[Date "2009.08.09"]
[Round "9"]
[White "Holvason, Juri"]
[Black "Vang Glud, Jakob"]
[Result "0-1"]
[WhiteElo "2118"]
[BlackElo "2462"]
[PlyCount "130"]
[EventDate "2009.08.01"]

1. e4 e6 2. d4 d5 3. Nd2 dxe4 4. Nxe4 Bd7 5. Nf3 Bc6 6. Bd3 Nd7 7. Qe2 Ngf6 8.
Bg5 Be7 9. Bxf6 Nxf6 10. Nxf6+ Bxf6 11. c3 Qd5 12. Bc4 Qf5 13. Bd3 Bxf3 14.
gxf3 Qh5 15. Be4 c6 16. f4 Qxe2+ 17. Kxe2 g6 18. b4 Kd7 19. a4 Kd6 20. Rab1
Rab8 21. Rhd1 Rhd8 22. Ke3 Kc7 23. b5 Be7 24. Rb2 c5 25. a5 Rd6 26. Ke2 cxd4
27. c4 d3+ 28. Rxd3 Rbd8 29. Rxd6 Bxd6 30. b6+ axb6 31. Rxb6 Rb8 32. Kf3 f5 33.
Bc2 Ra8 34. Rb5 Kc8 35. Bb3 Bc7 36. c5 Ra6 37. Bc4 Bxa5 38. Bxe6+ Rxe6 39. Rxa5
Ra6 40. Rb5 Kc7 41. Kg3 Kc6 42. Rb3 Ra7 43. Kh4 Kxc5 44. Rc3+ Kd6 45. Rd3+ Kc7
46. Rc3+ Kb8 47. Rb3 Ra2 48. Kg5 Rxf2 49. h3 Rd2 50. Kf6 Rd6+ 51. Ke5 Rc6 52.
Kd5 Kc7 53. Re3 Kd7 54. Rb3 b6 55. Ra3 Rc5+ 56. Kd4 Kc6 57. Ra7 Rd5+ 58. Kc4
Rd7 59. Ra6 Re7 60. Kd3 Kc5 61. Ra8 Kb4 62. Rb8 b5 63. Rb6 Rc7 64. h4 Rc3+ 65.
Kd2 Rh3 0-1

[Event "Manhem Chessweek IM 2009"]
[Site "?"]
[Date "2009.08.09"]
[Round "9"]
[White "Carlhammar, Magnus"]
[Black "Figura, Atila Gajo"]
[Result "1/2-1/2"]
[WhiteElo "2352"]
[BlackElo "2436"]
[PlyCount "74"]
[EventDate "2009.08.01"]

1. d4 Nf6 2. Nf3 d5 3. c4 dxc4 4. e3 Bg4 5. Bxc4 e6 6. O-O a6 7. h3 Bh5 8. Nc3
Nc6 9. Be2 Bd6 10. Nd2 Bxe2 11. Qxe2 e5 12. dxe5 Bxe5 13. Nc4 Bxc3 14. bxc3 O-O
15. e4 Re8 16. f3 Qe7 17. Bf4 Nd5 18. Bh2 Nxc3 19. Qf2 Rad8 20. Rac1 Qb4 21.
Ne3 Nd4 22. Kh1 c5 23. h4 b5 24. h5 h6 25. Ng4 Nce2 26. Rce1 Qd2 27. Ne3 Qxa2
28. g4 Nc3 29. Qh4 Qe6 30. g5 Qe7 31. Bf4 Nxf3 32. Rxf3 Qxe4 33. Qg3 hxg5 34.
Bxg5 Rd6 35. Ref1 Rde6 36. Nf5 Ne2 37. Qg2 g6 1/2-1/2